000
00232 a2200097 4500
001
51391
100
_a
MacLennan B
245
_a
Principles of Programming Languages
260
_a
New York
_b
Holt Rinehart
_c
090
_c
32581
_d
32581
942
_a
NUST-CAE
_c
M
_c
25093
999
_c
286464
_d
286464